00973nam a2200265Ia 450000500170000000800410001702000150005808200170007310000240009024501090011425000190022330000430024249000130028560000600029860000550035865000420041365000390045565000270049470000340052126400290055533600270058433700330061133800280064404000350067220220317000602.0160601s2003 sp a g 000 0 spa  a848156253X04a759.6 bB17p1 aBattistini, Matilde10aPicasso bel genio que resume el arte del Siglo XX cMatilde Battistini ; traducción Víctor Gallego a1a. edición  a143 páginas bilustraciones c21 cm  aArt book14aPicaso, Pablo d 1881-1973xCritica e interpretación 14aPicaso, Pablo d 1881-1973xTrabajos pictóricos 142LEMBaPintores españoles ySiglo XX142LEMBaPintura españolaySiglo XX142LEMBaPintura moderna 1 aGallego, Víctoretraductor  aBarcelona bElectac2003 atextobtxt2rdacontent asin mediaciónbn2rdamedia avolumenbnc2rdacarrier aCO-BoRNBPbspaerdacCO-BoRNBP